Missing Word: World Songs Quiz Stats

 Plays Quiz Updated Aug 8, 2016

Challenge
Share
Tweet
Embed
Score 0/20 Timer 04:00
0 Plays Today
Title Word % Correct
_____ Are the WorldWe
92.3%
What a _____ WorldWonderful
91.6%
What the World Needs Now Is _____Love
88.8%
Everybody Wants to _____ the WorldRule
87.6%
The World Is _____ EnoughNot
82.5%
On _____ of the WorldTop
77.1%
_____ to the WorldJoy
76.4%
I’ve Got the World on a _____String
74%
Till the World _____Ends
72.6%
Goodbye _____ WorldCruel
71.1%
Title Word % Correct
Only _____ (in the World)Girl
55.4%
Rockin’ in the _____ WorldFree
55.3%
Waiting on the World to _____Change
44.9%
_____ the World (Girls)Run
35.4%
Spirits in the _____ WorldMaterial
33.5%
The World at _____Large
32%
The Man Who _____ the WorldSold
31.8%
Hand Me _____ WorldDown
20%
_____ for the WorldHarvest
7.6%
_____ the WorldDrop
5.9%

Today's Daily Dose

You're not logged in!

Compare scores with friends on all Sporcle quizzes.
Join for Free
OR
Log In

You Might Also Like...

Show Comments

Extras

Top Quizzes Today


Score Distribution

Your Account Isn't Verified!

In order to create a playlist on Sporcle, you need to verify the email address you used during registration. Go to your Sporcle Settings to finish the process.

Report this User

Report this user for behavior that violates our Community Guidelines.

Details: